000 00739nam a22002417a 4500
999 _c3335
_d3335
003 OSt
005 20231115081230.0
008 231115b ||||| |||| 00| 0 eng d
020 _a9789670680347
040 _cKH8
082 _a400 NUR
100 _aNur Aina ,
_eauthor.
245 _aLurus Bendul - A Naive Man /
_cNur Aina and Camelia Lim.
260 _aKuala Lumpur ;
_bAras Ilmu Enterprise,
_c2018.
300 _a32 pages :
_bcolor illustrations ;
_c19 cm x 26 cm.
440 _aSiri Malu Bertanya Sesat Jalan
650 _aEtiquette (manners)
650 _aChildren's stories
_vMalay
650 _aChildren's stories
_vEnglish
700 _aLim, Camelia,
_eauthor.
830 _aSiri Malu Bertanya Sesat Jalan
942 _2ddc
_cTR